| 000 | 00000nam##2200000za#4500 |
| 001 | 9.623818 |
| 003 | CaOODSP |
| 005 | 20200327175245 |
| 007 | ta |
| 008 | 150406|1996||||xxc||||| f|0| 0 fre|d |
| 040 | |aCaOODSP|bfre |
| 043 | |an-cn--- |
| 086 | 1 |aFs97-6/2086F |
| 110 | 1 |aCanada. |bMinistère des pêches et des océans. |
| 245 | 10|aApplication d'un système d'information géographique sur le bassin versant du ruisseau Catamaran (NB) / |cpar André St-Hilaire et al. |
| 260 | |aOttawa - Ontario : |bPêches et Océans Canada |c1996. |
| 300 | |avii, 41p. : |bfigures (certaines en couleur), références, tableaux ; |c28 cm. |
| 490 | 1 |aRapport technique canadien des sciences halieutiques et aquatiques|v2086 |
| 500 | |aPréparé au Ministère des Pêches et Océans, Centre des Pêches du Golfe, C.P. 5030, Moncton, N.B. E1C 9B6. |
| 546 | |aAbstracts in English |
| 563 | |aCouverture souple |
| 590 | |a96-11|b1996-03-15 |
| 691 | 07|aTechnologie de la pêche|2gcpds |
| 720 | 1 |aSt-Hilaire, André |
| 776 | 0#|tApplication d'un système d'information géographique sur le bassin versant du ruisseau Catamaran (NB) / |w(CaOODSP)9.604024 |
| 830 | #0|aRapport technique canadien des sciences halieutiques et aquatiques ;|v2086|w(CaOODSP)9.513051 |